Nové projekty KEGA na Katedre matematiky FHI EU v Bratislave

Stručná charakteristika nových projektov KEGA na Katedre matematiky FHI Ekonomickej univerzity v Bratislave.

Saved in:
Bibliographic Details
Main Author: Peller, František
Other Authors: Simonka, Zsolt, 1974-
Format: Book Chapter
Language:Slovak
Subjects:
Tags: Add Tag
No Tags, Be the first to tag this record!

MARC

LEADER 00000naa$a2200000$$$4500
001 0097880
005 20240502072100.3
041 0 |a slo 
044 |a SK 
245 1 0 |a Nové projekty KEGA na Katedre matematiky FHI EU v Bratislave  |c František Peller, Zsolt Simonka 
520 |a Stručná charakteristika nových projektov KEGA na Katedre matematiky FHI Ekonomickej univerzity v Bratislave. 
610 2 0 |a vzdelávanie vysokoškolské 
610 2 0 |a univerzity 
610 2 0 |a informatika 
610 2 0 |a projekty 
610 2 0 |a výskum 
610 2 0 |a veda 
100 1 |a Peller, František 
700 1 |a Simonka, Zsolt, 1974-